INDOVINA IL LOGO #2 - Statistics

Statistiche generali
  • Questo quiz è stato fatto 351 volte
    349 dall'ultimo reset
  • Il punteggio medio è 15 su 18
Statistiche sulle risposte
con Immagini Risposta % Corretto
FACEBOOK
100%
GOOGLE
100%
AMAZON
99%
INSTAGRAM
99%
TWITTER
99%
APPLE
96%
SNAPCHAT
96%
WHATSAPP
96%
YOUTUBE
96%
LG
92%
MASTERCARD
88%
CHROME
86%
WORD
84%
SKYPE
78%
WINDOWS
78%
SHELL
68%
REDDIT
61%
EXCELL
34%
Nessun quiz corrispondente trovato
Distribuzione punteggi
Percentuale di utenti per punteggio
Percentile per numero di risposta
I tuoi punteggi nel tempo
Non hai fatto questo quiz dall'ultimo reset